Inzibat 2005-2006 (Record no. 195073)
[ view plain ]
| 000 -LEADER | |
|---|---|
| fixed length control field | 00552 a2200157 4500 |
| 003 - CONTROL NUMBER IDENTIFIER | |
| control field | Nust |
| 005 - DATE AND TIME OF LATEST TRANSACTION | |
| control field | 20170207154215.0 |
| 040 ## - CATALOGING SOURCE | |
| Transcribing agency | Nust |
| 082 ## - DEWEY DECIMAL CLASSIFICATION NUMBER | |
| Classification number | 378.4 |
| 245 ## - TITLE STATEMENT | |
| Title | Inzibat 2005-2006 |
| Statement of responsibility, etc. | Corps of Military Police |
| 260 ## - PUBLICATION, DISTRIBUTION, ETC. | |
| Place of publication, distribution, etc. | Rawalpindi |
| Name of publisher, distributor, etc. | Corps of Military Police |
| Date of publication, distribution, etc. | 2005 |
| 300 ## - PHYSICAL DESCRIPTION | |
| Extent | 110 p. |
| 505 ## - FORMATTED CONTENTS NOTE | |
| Formatted contents note | Messages/Notes (page-7) Brainstorming Professional Articles (page-12) NON- Professional Articles (page-68) Distinguished Provosts (page-86) Pictorial Section (page-95) |
| 538 ## - SYSTEM DETAILS NOTE | |
| System details note | Almirah No. 117 shelf No. 2 |
| 650 ## - SUBJECT ADDED ENTRY--TOPICAL TERM | |
| Topical term or geographic name entry element | Corps of Military Police |
| 942 ## - ADDED ENTRY ELEMENTS (KOHA) | |
| Source of classification or shelving scheme | |
| Koha item type | Book |
| Withdrawn status | Lost status | Source of classification or shelving scheme | Damaged status | Not for loan | Collection code | Permanent Location | Current Location | Date acquired | Total Checkouts | Full call number | Barcode | Date last seen | Price effective from | Koha item type |
|---|---|---|---|---|---|---|---|---|---|---|---|---|---|---|
| Military College of Signals (MCS) | Military College of Signals (MCS) | 12/12/2016 | 378.4 INZ | MCSPS-85 | 12/08/2016 | 12/12/2016 | Book | |||||||
| Military College of Signals (MCS) | Military College of Signals (MCS) | 12/12/2016 | 378.4 INZ | MCSPS-86 | 12/08/2016 | 12/12/2016 | Book |
